[Event "Woerishofen sen 2016"]
[Site "Bad Woerishofen"]
[Date "2016.03.03"]
[Round "7.4"]
[White "Lainburg, Viktor"]
[Black "Gross, Werner"]
[Result "1-0"]
[WhiteElo "2033"]
[BlackElo "2201"]
[PlyCount "97"]
[EventDate "2016.02.26"]
[EventType "swiss"]
[EventCountry "GER"]
[WhiteTeam "Ulm SC Weisse Dame"]
[BlackTeam "Niederkassel SG"]
[WhiteTeamCountry "GER"]
[BlackTeamCountry "GER"]

1. d4 Nf6 2. Bg5 c5 3. Bxf6 gxf6 4. d5 f5 5. c4 Bg7 6. Qc2 Qb6 7. Nc3 e5 8. e3
Na6 9. a3 Qg6 10. f3 Nc7 11. Bd3 d6 12. O-O-O Bh6 13. Re1 Qf6 14. Nh3 Rg8 15.
Rhf1 Bd7 16. Kb1 O-O-O 17. Nf2 Rxg2 18. Ng4 Rxc2 19. Nxf6 Rxh2 20. Nxd7 Kxd7
21. Bxf5+ Ke7 22. Bxh7 Bxe3 23. Rxe3 Rxh7 24. f4 f6 25. fxe5 fxe5 26. Ref3 Rg8
27. Rf6 Ne8 28. Re6+ Kd7 29. Ne4 Re7 30. Rh6 Kc7 31. Kc2 Rg2+ 32. Kc3 Reg7 33.
Rf8 Rg8 34. Rh7+ R8g7 35. Rxg7+ Nxg7 36. Rf7+ Kb8 37. Nxd6 b6 38. Re7 Rg6 39.
Ne4 Nf5 40. Rxe5 Nd6 41. Nxd6 Rxd6 42. Re7 Rh6 43. Kd3 Rh4 44. b4 cxb4 45. axb4
b5 46. c5 Rxb4 47. d6 Rc4 48. Re8+ Kb7 49. d7 1-0

[Event "Woerishofen sen 2016"]
[Site "Bad Woerishofen"]
[Date "2016.03.03"]
[Round "7.5"]
[White "Gerl, Hans"]
[Black "Weinwurm, Wolfgang"]
[Result "0-1"]
[WhiteElo "1951"]
[BlackElo "2185"]
[PlyCount "84"]
[EventDate "2016.02.26"]
[EventType "swiss"]
[EventCountry "GER"]
[WhiteTeam "Zirndorf SK"]
[BlackTeam "AUT"]
[WhiteTeamCountry "GER"]
[BlackTeamCountry "AUT"]

1. d4 Nf6 2. c4 g6 3. Nc3 d5 4. cxd5 Nxd5 5. e4 Nxc3 6. bxc3 Bg7 7. Bc4 c5 8.
Ne2 O-O 9. O-O Nc6 10. Be3 Qc7 11. Rc1 Rd8 12. h3 b6 13. f4 e6 14. f5 exf5 15.
exf5 Bxf5 16. Bg5 Rd7 17. Bf4 Qb7 18. Bb5 a6 19. d5 axb5 20. dxc6 Qxc6 21. Qe1
Rxa2 22. Rf2 Qe4 23. Ng3 Qxe1+ 24. Rxe1 Ra8 25. Nxf5 gxf5 26. Rb1 Bxc3 27. Rf3
b4 28. Kh2 h5 29. Rg3+ Kh7 30. Rg5 Ra1 31. Rxh5+ Kg6 32. Rh6+ Kg7 33. Rxa1 Bxa1
34. Rxb6 Rd3 35. Bh6+ Kh7 36. Bf8 Be5+ 37. Kg1 Bd4+ 38. Kf1 b3 39. Ke2 c4 40.
Rb7 b2 41. Bc5 Rb3 42. Rxf7+ Kg6 0-1

[Event "Woerishofen sen 2016"]
[Site "Bad Woerishofen"]
[Date "2016.03.03"]
[Round "7.6"]
[White "Krieger, Hermann"]
[Black "Gauer, Jacques"]
[Result "1-0"]
[WhiteElo "2172"]
[BlackElo "1940"]
[PlyCount "61"]
[EventDate "2016.02.26"]
[EventType "swiss"]
[EventCountry "GER"]
[WhiteTeam "Ludwigshafen SK"]
[BlackTeam "FRA"]
[WhiteTeamCountry "GER"]
[BlackTeamCountry "FRA"]

1. e4 c5 2. Nf3 Nf6 3. Nc3 d5 4. exd5 Nxd5 5. Bb5+ Bd7 6. Ne5 e6 7. Qf3 Qf6 8.
Nxd7 Nxd7 9. Nxd5 Qxf3 10. Nc7+ Kd8 11. Nxe6+ fxe6 12. gxf3 Ne5 13. Be2 Bd6 14.
d3 Rf8 15. Rg1 g6 16. Rg3 Rf7 17. Be3 Nc6 18. Rh3 Nd4 19. Bd1 Kd7 20. c3 Nc6
21. Be2 a6 22. O-O-O b5 23. Kc2 a5 24. Rh4 Ne7 25. c4 b4 26. d4 Kc6 27. dxc5
Bxc5 28. Re4 Bxe3 29. Rxe6+ Kc5 30. fxe3 a4 31. Rd7 1-0

[Event "Woerishofen sen 2016"]
[Site "Bad Woerishofen"]
[Date "2016.03.03"]
[Round "7.7"]
[White "Daeubler, Heinrich"]
[Black "Sand, Rolf"]
[Result "1/2-1/2"]
[WhiteElo "2159"]
[BlackElo "2032"]
[PlyCount "84"]
[EventDate "2016.02.26"]
[EventType "swiss"]
[EventCountry "GER"]
[WhiteTeam "Haselmuehl SC"]
[BlackTeam "Tuebingen SV"]
[WhiteTeamCountry "GER"]
[BlackTeamCountry "GER"]

1. d4 Nf6 2. c4 g6 3. Nf3 d5 4. Nc3 Bg7 5. Bg5 Ne4 6. Bh4 Nxc3 7. bxc3 dxc4 8.
e3 Be6 9. Qb1 b6 10. Ng5 Bd5 11. e4 h6 12. Nf3 Be6 13. Be2 c6 14. O-O Nd7 15.
Nd2 O-O 16. Nxc4 Bxc4 17. Bxc4 b5 18. Be2 Nb6 19. Qb4 Re8 20. Rfd1 Qd6 21. Qb3
e6 22. Bg3 Qe7 23. Rab1 Red8 24. Bf4 e5 25. Be3 exd4 26. cxd4 Qxe4 27. Bf3 Qe8
28. d5 Nxd5 29. Bxd5 Rxd5 30. Rxd5 cxd5 31. Qxd5 Rd8 32. Qb3 a6 33. g3 Qd7 34.
Rc1 Rc8 35. Rd1 Qc6 36. Bf4 Qc4 37. Qa3 Qc6 38. Be3 Qc2 39. Qb3 Qc6 40. Rc1 Qd7
41. Qa3 Qd5 42. Bf4 Rc6 1/2-1/2

[Event "Woerishofen sen 2016"]
[Site "Bad Woerishofen"]
[Date "2016.03.03"]
[Round "7.8"]
[White "Waltenberger, Udo"]
[Black "Kelchner, Hans"]
[Result "1/2-1/2"]
[WhiteElo "2026"]
[BlackElo "2157"]
[PlyCount "73"]
[EventDate "2016.02.26"]
[EventType "swiss"]
[EventCountry "GER"]
[WhiteTeam "Reichenbrand SV Eiche"]
[BlackTeam "Ludwigshafen SK"]
[WhiteTeamCountry "GER"]
[BlackTeamCountry "GER"]

1. Nf3 d5 2. g3 c5 3. Bg2 Nc6 4. d4 e6 5. O-O Nf6 6. c4 Be7 7. cxd5 exd5 8. Nc3
O-O 9. b3 Ne4 10. Bb2 Nxc3 11. Bxc3 Bf6 12. Rc1 cxd4 13. Nxd4 Bg4 14. h3 Bc8
15. e3 Nxd4 16. Bxd4 Be6 17. Qd2 Be7 18. Rfd1 Qd7 19. Bc5 Rfd8 20. Kh2 b6 21.
Bxe7 Qxe7 22. Rc3 Rd7 23. Rd3 Rad8 24. Rd4 g6 25. Bf1 f5 26. Bb5 Rc7 27. a4
Rdc8 28. Qe2 Qa3 29. Ba6 Rc2 30. R1d2 Rxd2 31. Qxd2 Rc7 32. Qb4 Qb2 33. Rd2 Qe5
34. Qd4 Qd6 35. Bc4 Rd7 36. Bb5 Rc7 37. Bc4 1/2-1/2

[Event "Woerishofen sen 2016"]
[Site "Bad Woerishofen"]
[Date "2016.03.03"]
[Round "7.9"]
[White "Zunker, Reinhard"]
[Black "Spurga, Josef"]
[Result "1/2-1/2"]
[WhiteElo "2153"]
[BlackElo "2002"]
[PlyCount "50"]
[EventDate "2016.02.26"]
[EventType "swiss"]
[EventCountry "GER"]
[WhiteTeam "Hofheim SV"]
[BlackTeam "Sindelfingen VfL"]
[WhiteTeamCountry "GER"]
[BlackTeamCountry "GER"]

1. Nf3 c5 2. g3 Nf6 3. Bg2 g6 4. O-O Bg7 5. d3 O-O 6. e4 d6 7. Nc3 Nc6 8. h3 a6
9. Be3 Qc7 10. Qd2 e6 11. Nh4 Ne8 12. Kh2 b5 13. f4 b4 14. Nd1 f5 15. c3 a5 16.
Nf3 Bb7 17. exf5 exf5 18. Ng5 Nd8 19. Nf3 Nf6 20. Nf2 Nd5 21. d4 Nxe3 22. Qxe3
h6 23. dxc5 dxc5 24. Rac1 bxc3 25. bxc3 Nf7 1/2-1/2

[Event "Woerishofen sen 2016"]
[Site "Bad Woerishofen"]
[Date "2016.03.03"]
[Round "7.10"]
[White "Eichler, Gottfried"]
[Black "Hohler, Peter"]
[Result "1/2-1/2"]
[WhiteElo "2024"]
[BlackElo "2138"]
[PlyCount "21"]
[EventDate "2016.02.26"]
[EventType "swiss"]
[EventCountry "GER"]
[WhiteTeam "Dannenberg MTV"]
[BlackTeam "SUI"]
[WhiteTeamCountry "GER"]
[BlackTeamCountry "SUI"]

1. f4 d5 2. Nf3 Bg4 3. e3 Nd7 4. d4 Ngf6 5. Bd3 e6 6. O-O c5 7. c3 Ne4 8. Qe1
Bxf3 9. gxf3 Nef6 10. Kh1 Qb6 11. Rg1 1/2-1/2

[Event "Woerishofen sen 2016"]
[Site "Bad Woerishofen"]
[Date "2016.03.03"]
[Round "7.11"]
[White "Hoeschele, Hans Ulrich"]
[Black "Maes, Valery"]
[Result "1/2-1/2"]
[WhiteElo "1979"]
[BlackElo "2110"]
[PlyCount "40"]
[EventDate "2016.02.26"]
[EventType "swiss"]
[EventCountry "GER"]
[WhiteTeam "Stuttgarter SF"]
[BlackTeam "Krefelder SK Turm"]
[WhiteTeamCountry "GER"]
[BlackTeamCountry "GER"]

1. d4 d5 2. Nf3 Nf6 3. g3 c6 4. Nbd2 Bf5 5. Bg2 e6 6. a3 h6 7. c4 Nbd7 8. O-O
Be7 9. b3 O-O 10. Bb2 Ne4 11. Ne1 Nxd2 12. Qxd2 a5 13. Rc1 Qb6 14. Rc3 Nf6 15.
c5 Qc7 16. f3 b6 17. Nd3 Bxd3 18. cxb6 Qxb6 19. Qxd3 c5 20. dxc5 Bxc5+ 1/2-1/2

[Event "Woerishofen sen 2016"]
[Site "Bad Woerishofen"]
[Date "2016.03.03"]
[Round "7.12"]
[White "Schmidt, Eugen"]
[Black "Lange, Manfred"]
[Result "1-0"]
[WhiteElo "1969"]
[BlackElo "2098"]
[PlyCount "115"]
[EventDate "2016.02.26"]
[EventType "swiss"]
[EventCountry "GER"]
[WhiteTeam "Oos SF"]
[BlackTeam "Wuerzburg SV"]
[WhiteTeamCountry "GER"]
[BlackTeamCountry "GER"]

1. e4 e5 2. Nf3 Nc6 3. Bb5 a6 4. Ba4 d6 5. c3 Bd7 6. O-O Nge7 7. d4 Ng6 8. Bc2
Be7 9. h3 O-O 10. Nbd2 Qc8 11. Re1 Nf4 12. Nf1 g5 13. N3h2 Bf6 14. Be3 Kh8 15.
Ng3 Rg8 16. Nf5 Bxf5 17. exf5 Ne7 18. Ng4 Nh5 19. Nh6 Nf4 20. Nxg8 Qxg8 21. Kh2
Qg7 22. Bxf4 gxf4 23. Qg4 Qh6 24. Rad1 Rg8 25. Qf3 Qg5 26. g4 fxg3+ 27. fxg3 c6
28. Rg1 Nd5 29. Bb3 Ne3 30. Rd3 exd4 31. cxd4 Re8 32. Bxf7 Re7 33. Be6 Nc2 34.
Rgd1 Qg7 35. Qf2 Nb4 36. Rf3 Nd5 37. Bxd5 cxd5 38. Re3 Re4 39. Rxe4 dxe4 40.
Qf4 Qe7 41. Re1 d5 42. Qb8+ Kg7 43. Rc1 e3 44. Qf4 e2 45. Re1 h5 46. Qf2 h4 47.
Rxe2 Qd6 48. Qf4 Qxf4 49. gxf4 Bxd4 50. Rd2 Be3 51. Rxd5 Bxf4+ 52. Kg2 Kf6 53.
Kf3 Be5 54. Kg4 Bxb2 55. Rd6+ Ke5 56. Rb6 Bd4 57. Rxb7 Kf6 58. Rd7 1-0

[Event "Woerishofen sen 2016"]
[Site "Bad Woerishofen"]
[Date "2016.03.03"]
[Round "7.13"]
[White "Rahn, Oskar"]
[Black "Plischke, Berthold"]
[Result "1-0"]
[WhiteElo "2091"]
[BlackElo "1953"]
[PlyCount "79"]
[EventDate "2016.02.26"]
[EventType "swiss"]
[EventCountry "GER"]
[WhiteTeam "Frankenthal SK"]
[BlackTeam "Wesel SV"]
[WhiteTeamCountry "GER"]
[BlackTeamCountry "GER"]

1. e4 e6 2. d4 d5 3. Nd2 Nf6 4. e5 Nfd7 5. Ngf3 c5 6. c3 Nc6 7. Bd3 Qb6 8. dxc5
Bxc5 9. Qe2 f6 10. exf6 Nxf6 11. Nb3 Bd6 12. Be3 Qc7 13. Bc5 Bxc5 14. Nxc5 O-O
15. Bc2 e5 16. h3 b6 17. Nb3 Nh5 18. Qd3 Nf6 19. Qd2 Kh8 20. O-O-O a5 21. a4
Ba6 22. Ng5 Rae8 23. f4 exf4 24. Rhe1 Ne5 25. Nd4 Bc8 26. Qf2 h6 27. Ngf3 Ne4
28. Qh4 Ng6 29. Qh5 Rf6 30. Qxd5 Bb7 31. Qb5 Qc8 32. Nd2 Ba6 33. Qd5 Nf2 34.
Rxe8+ Qxe8 35. Ne4 Nxd1 36. Nxf6 Qe3+ 37. Kb1 gxf6 38. Qa8+ Kg7 39. Nf5+ Kf7
40. Nxe3 1-0

[Event "Woerishofen sen 2016"]
[Site "Bad Woerishofen"]
[Date "2016.03.03"]
[Round "7.14"]
[White "Klein, Klaus"]
[Black "Heppell, Ian N"]
[Result "1/2-1/2"]
[WhiteElo "1949"]
[BlackElo "2077"]
[PlyCount "86"]
[EventDate "2016.02.26"]
[EventType "swiss"]
[EventCountry "GER"]
[WhiteTeam "Heidelberg SF"]
[BlackTeam "ENG"]
[WhiteTeamCountry "GER"]
[BlackTeamCountry "ENG"]

1. e4 e5 2. Nf3 d6 3. d4 exd4 4. Nxd4 Nf6 5. Nc3 Be7 6. Bc4 O-O 7. O-O a6 8. a4
Nc6 9. Re1 Nb4 10. Nd5 Nbxd5 11. exd5 Re8 12. h3 Bd7 13. Qf3 Qc8 14. b3 c5 15.
dxc6 bxc6 16. Bd3 d5 17. Bg5 Bb4 18. Rxe8+ Nxe8 19. Nf5 Qc7 20. Bf4 Qd8 21. Be5
f6 22. Bb2 Nd6 23. Nxd6 Bxd6 24. Qh5 f5 25. Bxf5 Bxf5 26. Qxf5 Qe7 27. Qd3 Re8
28. Bc3 Qf7 29. Re1 Rf8 30. Qe3 Kh8 31. Bd4 Qf5 32. Be5 Bxe5 33. Qxe5 Qxf2+ 34.
Kh2 Qxc2 35. Rf1 Qc5 36. Rxf8+ Qxf8 37. Qc7 c5 38. Qb7 d4 39. Qxa6 h6 40. Qe2
Qb8+ 41. Kg1 Qxb3 42. Qe8+ Kh7 43. Qe4+ Kh8 1/2-1/2

[Event "Woerishofen sen 2016"]
[Site "Bad Woerishofen"]
[Date "2016.03.03"]
[Round "7.15"]
[White "Zschorsch, Peter"]
[Black "Born, Bernd Ludger"]
[Result "0-1"]
[WhiteElo "1941"]
[BlackElo "2105"]
[PlyCount "112"]
[EventDate "2016.02.26"]
[EventType "swiss"]
[EventCountry "GER"]
[WhiteTeam "Karlsruher SF"]
[BlackTeam "Pfullingen SF"]
[WhiteTeamCountry "GER"]
[BlackTeamCountry "GER"]

1. e4 d5 2. exd5 Nf6 3. Nc3 Nxd5 4. Nxd5 Qxd5 5. Qf3 Be6 6. Qxd5 Bxd5 7. d4 Nc6
8. c3 e5 9. dxe5 Nxe5 10. Be3 Ng4 11. Bd4 O-O-O 12. h3 Ne5 13. O-O-O Nc6 14.
Kb1 Nxd4 15. cxd4 g6 16. f3 Bg7 17. Bb5 c6 18. Ba4 Rhe8 19. Bc2 Bc4 20. f4 f5
21. g4 Be6 22. g5 Bc4 23. b3 Ba6 24. h4 Bxd4 25. h5 Be3 26. Nh3 Bd2 27. hxg6
hxg6 28. Rh2 Be2 29. Rg1 Bb4 30. Rc1 Bd3 31. Rd1 Bxc2+ 32. Kxc2 Rxd1 33. Kxd1
Rh8 34. Ke2 Kc7 35. Kf3 Kd6 36. Rh1 Ke7 37. Rh2 Kf7 38. Rh1 Bc5 39. Nf2 Rxh1
40. Nxh1 Ke6 41. Ng3 Kd5 42. Ne2 b5 43. a4 bxa4 44. Nc3+ Kd4 45. Nxa4 Bb4 46.
Nb2 Kc3 47. Nc4 Kxb3 48. Ne5 a5 49. Nxg6 a4 50. Ne5 a3 51. Nd3 Bf8 52. g6 Kc3
53. Nc1 c5 54. Ke2 Bg7 55. Kd1 c4 56. Na2+ Kb2 0-1

[Event "Woerishofen sen 2016"]
[Site "Bad Woerishofen"]
[Date "2016.03.03"]
[Round "7.17"]
[White "Glatthor, Thomas"]
[Black "Young, Mel J"]
[Result "1/2-1/2"]
[WhiteElo "2071"]
[BlackElo "1912"]
[PlyCount "96"]
[EventDate "2016.02.26"]
[EventType "swiss"]
[EventCountry "GER"]
[WhiteTeam "Hermsdorf VfB"]
[BlackTeam "ENG"]
[WhiteTeamCountry "GER"]
[BlackTeamCountry "ENG"]

1. d4 c5 2. d5 Nf6 3. g3 d6 4. Bg2 g6 5. c4 b5 6. cxb5 Bg7 7. e4 Bb7 8. Nc3 O-O
9. Nge2 a6 10. O-O Ne8 11. Qc2 axb5 12. Nxb5 Ba6 13. Nbc3 Nd7 14. Re1 Ne5 15.
Nf4 Nc7 16. Nfe2 Rb8 17. Bf4 Nd3 18. Reb1 Nb4 19. Qd2 Bd3 20. Rc1 c4 21. a3
Nba6 22. b4 cxb3 23. Re1 Nc5 24. Bh6 b2 25. Rad1 Bxh6 26. Qxh6 Rb3 27. Nb1 Qb8
28. Nd4 Bxb1 29. Rxb1 Rxa3 30. Nc6 Qe8 31. Rxb2 Nd3 32. Rb8 Nxe1 33. Rxe8 Rxe8
34. h4 Ra1 35. Kh2 Nd3 36. Qg5 Kf8 37. f4 Ra2 38. Kg1 Ne1 39. Bh1 Nd3 40. h5
Ra1+ 41. Kh2 Ra2+ 42. Kg1 Ra1+ 43. Kg2 Ra2+ 44. Kf3 Rh2 45. hxg6 hxg6 46. Ke3
Ne1 47. Bf3 Nc2+ 48. Kd3 Ne1+ 1/2-1/2

[Event "Woerishofen sen 2016"]
[Site "Bad Woerishofen"]
[Date "2016.03.03"]
[Round "7.19"]
[White "Fitzke, Ulrich"]
[Black "Klempt, Guenter"]
[Result "1/2-1/2"]
[WhiteElo "1909"]
[BlackElo "2039"]
[PlyCount "36"]
[EventDate "2016.02.26"]
[EventType "swiss"]
[EventCountry "GER"]
[WhiteTeam "Berlin SV Bau Union"]
[BlackTeam "Bochumer SV"]
[WhiteTeamCountry "GER"]
[BlackTeamCountry "GER"]

1. d4 Nf6 2. c4 g6 3. Nc3 Bg7 4. Nf3 O-O 5. e4 d6 6. Bd3 c5 7. d5 Na6 8. O-O
Nc7 9. h3 Rb8 10. Rb1 Bd7 11. Re1 b5 12. b3 bxc4 13. bxc4 Na6 14. Rxb8 Qxb8 15.
e5 dxe5 16. Nxe5 Qd6 17. Bf4 Qb6 18. Qb1 Nb4 1/2-1/2

[Event "Woerishofen sen 2016"]
[Site "Bad Woerishofen"]
[Date "2016.03.03"]
[Round "7.20"]
[White "Walther, Reinhard"]
[Black "Zerweck, Christoph"]
[Result "1-0"]
[WhiteElo "2039"]
[BlackElo "1890"]
[PlyCount "45"]
[EventDate "2016.02.26"]
[EventType "swiss"]
[EventCountry "GER"]
[WhiteTeam "Herzogenaurach SK"]
[BlackTeam "Herrenberg SV"]
[WhiteTeamCountry "GER"]
[BlackTeamCountry "GER"]

1. d4 d5 2. c4 e6 3. Nc3 c6 4. Nf3 Nf6 5. Bg5 dxc4 6. e4 b5 7. e5 h6 8. Bh4 g5
9. Nxg5 hxg5 10. Bxg5 Nbd7 11. Qf3 Qb6 12. Bxf6 Rg8 13. Rd1 Bb7 14. Qe3 Nxf6
15. exf6 O-O-O 16. Ne4 Bb4+ 17. Ke2 Rd5 18. a3 Ba5 19. Nc5 e5 20. Qh3+ Kc7 21.
Qh7 exd4 22. Qxf7+ Kb8 23. Qxg8+ 1-0

[Event "Woerishofen sen 2016"]
[Site "Bad Woerishofen"]
[Date "2016.03.03"]
[Round "7.21"]
[White "Bauder, Herbert"]
[Black "Harsch, Martin"]
[Result "1/2-1/2"]
[WhiteElo "1897"]
[BlackElo "2029"]
[PlyCount "87"]
[EventDate "2016.02.26"]
[EventType "swiss"]
[EventCountry "GER"]
[WhiteTeam "Steglitz Wilmersdorf SG Lasker"]
[BlackTeam "SUI"]
[WhiteTeamCountry "GER"]
[BlackTeamCountry "SUI"]

1. d4 d5 2. Nf3 Nf6 3. c4 c6 4. Nc3 a6 5. Ne5 e6 6. Bf4 Nbd7 7. e3 Nxe5 8. Bxe5
Bd6 9. Bxd6 Qxd6 10. Qb3 O-O 11. Be2 dxc4 12. Qxc4 e5 13. Rd1 Be6 14. Qc5 Qxc5
15. dxc5 Nd7 16. Na4 Rad8 17. b3 f5 18. O-O Kf7 19. Rd2 Nf6 20. Rfd1 Rxd2 21.
Rxd2 Ke7 22. Nb6 Ne4 23. Rc2 Rd8 24. f3 Nf6 25. Kf2 Nd5 26. Nxd5+ Rxd5 27. b4
Rd7 28. Rb2 f4 29. a3 Bf5 30. e4 Be6 31. Ke1 g5 32. Rd2 h5 33. Rxd7+ Kxd7 34.
h3 Ke7 35. Kf2 Kf6 36. Kg1 g4 37. h4 Ke7 38. Kf1 g3 39. Ke1 Kd7 40. Kd2 Kc7 41.
Kc3 b5 42. cxb6+ Kxb6 43. Bc4 Bh3 44. Bf1 1/2-1/2

[Event "Woerishofen sen 2016"]
[Site "Bad Woerishofen"]
[Date "2016.03.03"]
[Round "7.22"]
[White "Engbrecht, Helmut"]
[Black "Rumsey, Victor B"]
[Result "1/2-1/2"]
[WhiteElo "1980"]
[BlackElo "1864"]
[PlyCount "85"]
[EventDate "2016.02.26"]
[EventType "swiss"]
[EventCountry "GER"]
[WhiteTeam "Schorndorf SV"]
[BlackTeam "ENG"]
[WhiteTeamCountry "GER"]
[BlackTeamCountry "ENG"]

1. e4 e5 2. Nc3 Nf6 3. Nf3 Nc6 4. Bb5 Nd4 5. Ba4 c6 6. d3 b5 7. Bb3 Nxb3 8.
axb3 d6 9. Bg5 Be7 10. h3 Qc7 11. O-O O-O 12. Re1 Bb7 13. d4 a6 14. Bh4 Rfe8
15. Bg3 Bf8 16. dxe5 dxe5 17. Qe2 Rad8 18. Rad1 Rxd1 19. Rxd1 b4 20. Na4 c5 21.
Nd2 Bc6 22. f3 Bb5 23. Nc4 Nh5 24. Bh2 Nf4 25. Bxf4 exf4 26. Qd2 Bxc4 27. bxc4
Re6 28. Qd8 Qxd8 29. Rxd8 Rd6 30. Rxd6 Bxd6 31. Nb6 f6 32. Nd5 Kf7 33. c3 b3
34. Kf1 Ke6 35. Ke1 Kd7 36. h4 Kc6 37. h5 h6 38. Kd1 a5 39. Kc1 Kd7 40. Kd2 Ke6
41. Nb6 Bc7 42. Nd5 Be5 43. Nb6 1/2-1/2

[Event "Woerishofen sen 2016"]
[Site "Bad Woerishofen"]
[Date "2016.03.03"]
[Round "7.23"]
[White "Di Lazzaro, Gabriele"]
[Black "Rueggeberg, Wilhelm"]
[Result "1-0"]
[WhiteElo "1970"]
[BlackElo "1843"]
[PlyCount "85"]
[EventDate "2016.02.26"]
[EventType "swiss"]
[EventCountry "GER"]
[WhiteTeam "ITA"]
[BlackTeam "Saarburg Trier SF"]
[WhiteTeamCountry "ITA"]
[BlackTeamCountry "GER"]

1. d4 Nf6 2. Nc3 e6 3. e4 Bb4 4. e5 Nd5 5. Bd2 Nxc3 6. bxc3 Be7 7. Qg4 g6 8.
Nf3 d5 9. Bd3 Nd7 10. Qh3 c5 11. O-O c4 12. Be2 h5 13. Ne1 Nf8 14. f4 f5 15.
exf6 Bxf6 16. Qe3 Qe7 17. Nf3 Bd7 18. Ne5 O-O-O 19. a4 Be8 20. Bc1 Qc7 21. a5
Rh7 22. Ba3 Be7 23. Bxe7 Qxe7 24. Rfb1 Rd6 25. Rb2 Qc7 26. Nf3 Ra6 27. Rba2 Rf7
28. g3 Rf6 29. Bf1 Bd7 30. Bg2 Be8 31. Ng5 Bd7 32. h4 Rc6 33. Rb1 Qd6 34. Qe5
Qe7 35. Rab2 Rc7 36. Re1 Be8 37. Bxd5 Rf5 38. Bxe6+ Kd8 39. Bxf5 gxf5 40. Qxe7+
Rxe7 41. Rxe7 Kxe7 42. Rxb7+ Bd7 43. Rxa7 1-0

[Event "Woerishofen sen 2016"]
[Site "Bad Woerishofen"]
[Date "2016.03.03"]
[Round "7.24"]
[White "Oud, Niek"]
[Black "Stokes, Paul C"]
[Result "0-1"]
[WhiteElo "1952"]
[BlackElo "1850"]
[PlyCount "84"]
[EventDate "2016.02.26"]
[EventType "swiss"]
[EventCountry "GER"]
[WhiteTeam "NED"]
[BlackTeam "ENG"]
[WhiteTeamCountry "NED"]
[BlackTeamCountry "ENG"]

1. d4 Nf6 2. c4 e6 3. Nf3 Bb4+ 4. Bd2 Qe7 5. Nc3 Nc6 6. Qc2 d6 7. e4 Bxc3 8.
Bxc3 e5 9. d5 Nb8 10. Be2 O-O 11. O-O a5 12. a3 a4 13. Nd2 Nbd7 14. b4 axb3 15.
Nxb3 b6 16. a4 Nc5 17. Nxc5 bxc5 18. a5 Ba6 19. Rfb1 Rfb8 20. f3 Qe8 21. Bd2 h6
22. Qc1 Rxb1 23. Rxb1 Rb8 24. Rxb8 Qxb8 25. Bd1 Nd7 26. Ba4 Nf8 27. Kf2 Ng6 28.
Ke3 Ne7 29. Kd3 Qb7 30. Bc3 c6 31. dxc6 Nxc6 32. Bd2 Nb4+ 33. Ke3 Qc7 34. Bb3
Qxa5 35. Qd1 Qa3 36. Kf2 Qb2 37. Kg3 Qd4 38. Qe2 Nd3 39. Be3 Qc3 40. Qa2 Qe1+
41. Kh3 Bc8+ 42. g4 Qxe3 0-1

[Event "Woerishofen sen 2016"]
[Site "Bad Woerishofen"]
[Date "2016.03.03"]
[Round "7.25"]
[White "Dietl, Robert"]
[Black "Reimann, Guenther"]
[Result "1/2-1/2"]
[WhiteElo "1855"]
[BlackElo "1941"]
[PlyCount "39"]
[EventDate "2016.02.26"]
[EventType "swiss"]
[EventCountry "GER"]
[WhiteTeam "Koenigsbrunn SK"]
[BlackTeam "Magstadt SC"]
[WhiteTeamCountry "GER"]
[BlackTeamCountry "GER"]

1. e4 e6 2. d3 d5 3. Qe2 Be7 4. Nf3 Nf6 5. g3 c6 6. Bg2 dxe4 7. dxe4 e5 8. O-O
Bg4 9. Nbd2 Qc7 10. b3 Nbd7 11. Bb2 O-O 12. Nc4 b5 13. Ne3 Bxf3 14. Bxf3 Rfe8
15. Rfd1 Bf8 16. Rd2 Nc5 17. Ng4 Nxg4 18. Bxg4 Rad8 19. Rad1 Rxd2 20. Rxd2
1/2-1/2

[Event "Woerishofen sen 2016"]
[Site "Bad Woerishofen"]
[Date "2016.03.03"]
[Round "7.26"]
[White "Erhart, Uwe"]
[Black "Schnell, Franz"]
[Result "1-0"]
[WhiteElo "2079"]
[BlackElo "1762"]
[PlyCount "101"]
[EventDate "2016.02.26"]
[EventType "swiss"]
[EventCountry "GER"]
[WhiteTeam "Raisdorfer SG"]
[BlackTeam "Trossingen SV"]
[WhiteTeamCountry "GER"]
[BlackTeamCountry "GER"]

1. d4 Nf6 2. c4 d5 3. Nc3 e6 4. a3 c6 5. e3 Nbd7 6. Nf3 Bd6 7. Be2 O-O 8. O-O
Ne4 9. cxd5 Nxc3 10. bxc3 exd5 11. c4 dxc4 12. Bxc4 Nf6 13. Qc2 Bg4 14. Nd2 Bh5
15. Bd3 Bxh2+ 16. Kxh2 Ng4+ 17. Kg1 Bg6 18. Nf3 Qd5 19. Nh2 Nf6 20. Bxg6 hxg6
21. Qe2 Rae8 22. Bb2 Re4 23. Rac1 Rh4 24. Rc5 Qd6 25. g3 Rh7 26. Qf3 Re8 27.
Re5 Rd8 28. Rc5 Re8 29. Re1 Qd7 30. Qg2 Rh6 31. f3 Nd5 32. Ng4 Rh5 33. e4 b6
34. Rcc1 Nf6 35. Ne5 Qe6 36. Rxc6 Qb3 37. Qc2 Qb5 38. Rc8 Kh7 39. Rxe8 Qxe8 40.
Kg2 Qb5 41. Qe2 Qb3 42. Rh1 b5 43. Rxh5+ Nxh5 44. Nd3 a5 45. Nc5 Qa2 46. Qxb5
Qb1 47. Qe2 f5 48. Nd3 fxe4 49. fxe4 Kg8 50. d5 Kf8 51. e5 1-0

[Event "Woerishofen sen 2016"]
[Site "Bad Woerishofen"]
[Date "2016.03.03"]
[Round "7.27"]
[White "Vonach, Bernhard"]
[Black "Reichwald, Klaus"]
[Result "1-0"]
[WhiteElo "1999"]
[BlackElo "1852"]
[PlyCount "109"]
[EventDate "2016.02.26"]
[EventType "swiss"]
[EventCountry "GER"]
[WhiteTeam "Windach SF"]
[BlackTeam "Lohhof SC"]
[WhiteTeamCountry "GER"]
[BlackTeamCountry "GER"]

1. e4 c5 2. Nf3 Nc6 3. d4 cxd4 4. Nxd4 d6 5. Be3 Nf6 6. f3 g6 7. c4 Bg7 8. Nc3
O-O 9. Be2 a6 10. O-O e5 11. Nc2 Nh5 12. Qd2 Re8 13. Rad1 Bf8 14. Nd5 Be6 15.
g4 Nf4 16. Nxf4 exf4 17. Bxf4 Ne5 18. b3 f6 19. Ne3 Qe7 20. Nd5 Qg7 21. Kh1
Rac8 22. Be3 g5 23. Rg1 Qg6 24. Qb4 Qg7 25. Qe1 Qg6 26. Qg3 Bxd5 27. Rxd5 Rc7
28. h4 gxh4 29. Qxh4 h6 30. Rg2 Rh7 31. Qh5 Rd8 32. Qxg6+ Nxg6 33. Rh2 Rdd7 34.
Rdh5 Ne5 35. Bxh6 Bxh6 36. Rxh6 Rxh6 37. Rxh6 Rh7 38. Rxh7 Kxh7 39. Kg2 a5 40.
Kf2 Kg7 41. Ke3 Kf7 42. Kd2 b6 43. Kc3 Nc6 44. a3 Ke6 45. f4 Ne7 46. b4 Kd7 47.
g5 fxg5 48. Bg4+ Ke8 49. bxa5 gxf4 50. axb6 Nc6 51. a4 Kd8 52. Bh3 f3 53. c5
dxc5 54. Kc4 f2 55. Kxc5 1-0

[Event "Woerishofen sen 2016"]
[Site "Bad Woerishofen"]
[Date "2016.03.03"]
[Round "7.28"]
[White "Hansch, Klaus Michael"]
[Black "Bachmann, Rolf"]
[Result "1-0"]
[WhiteElo "1850"]
[BlackElo "1993"]
[PlyCount "49"]
[EventDate "2016.02.26"]
[EventType "swiss"]
[EventCountry "GER"]
[WhiteTeam "Berlin SC WD"]
[BlackTeam "Hamm SV"]
[WhiteTeamCountry "GER"]
[BlackTeamCountry "GER"]

1. d4 d5 2. Nc3 f5 3. Bf4 c6 4. e3 Nf6 5. Nf3 e6 6. Be2 Be7 7. O-O O-O 8. Nb1
Ne4 9. c4 g5 10. Bxb8 Rxb8 11. Ne5 Bd7 12. f3 Nd6 13. Nc3 Nf7 14. Nxd7 Qxd7 15.
e4 dxe4 16. fxe4 Rbd8 17. d5 fxe4 18. Bg4 cxd5 19. cxd5 Qc7 20. Bxe6 Bd6 21.
Qh5 Kg7 22. Nxe4 Bf4 23. g3 Be3+ 24. Kh1 Rde8 25. Nf6 1-0